000 00533nam a22001817a 4500
008 250123b |||a|||| |||| 00| 0 spa d
020 _a9788538064992
022 _2
040 _aCO-JMCR
_bspa
_cCO-JMCR
_dCO-JMCR
_erda
041 0 _aspa
082 0 4 _a567.915
_bA45i
110 _aLexus
_943982
245 0 0 _aAlosaurio :
_bincreĆ­bles dinos /
_cilustraciones Federico Combi.
264 0 1 _aBrasil:
_bLexus.
300 _a10 pƔginas sin numerar :
_bilustraciones ;
_c20.
700 _aCombi, Federico
_943983
999 _c30910
_d17294